Available copies
- 1 of 1 copy available at LARL/NWRL Consortium.
Current holds
0 current holds with 1 total copy.
Show Only Available Copies
| Location | Call Number / Copy Notes | Barcode | Shelving Location | Status | Due Date |
|---|---|---|---|---|---|
| Roseau Public Library | KLE (Text) | 35500003992623 | Main | Available | - |
Record details
- ISBN: 9780446579551 (alk. paper)
- ISBN: 0446579556 (alk. paper)
- Physical Description: 285 p. ; 24 cm.
- Edition: 1st ed.
- Publisher: New York : Warner Books, c2007.
Content descriptions
| Bibliography, etc. Note: | Includes bibliographical references and index. |
Search for related items by subject
| Subject: | Middle-aged men > Fiction. Swindlers and swindling > Fiction. |
| LDR | 00822cam a22002418a 4500 | ||
|---|---|---|---|
| 001 | 77875 | ||
| 003 | LARL_NWRL_CONSORTIUM | ||
| 005 | 20060606163342.0 | ||
| 008 | 060605s2007 nyu b 001 0 eng | ||
| 010 | . | ‡a2006018438 | |
| 020 | . | ‡a9780446579551 (alk. paper) | |
| 020 | . | ‡a0446579556 (alk. paper) | |
| 040 | . | ‡aDLC ‡cDLC | |
| 082 | 0 | 0. | ‡a813/.6 ‡222 |
| 100 | 1 | . | ‡aKlein, Matthew, ‡d1968- ‡0(LARL_NWRL_CONSORTIUM)196005 |
| 245 | 1 | 0. | ‡aCon ed / ‡cMatthew Klein. |
| 250 | . | ‡a1st ed. | |
| 260 | . | ‡aNew York : ‡bWarner Books, ‡cc2007. | |
| 300 | . | ‡a285 p. ; ‡c24 cm. | |
| 504 | . | ‡aIncludes bibliographical references and index. | |
| 650 | 0. | ‡aMiddle-aged men ‡vFiction. ‡0(LARL_NWRL_CONSORTIUM)166014 | |
| 650 | 0. | ‡aSwindlers and swindling ‡vFiction. ‡0(LARL_NWRL_CONSORTIUM)167282 | |
| 901 | . | ‡a77875 ‡bISxN ‡c77875 ‡tbiblio | |

Add to basket
Permalink
Disable Highlighting